La psicología en ajedrez /

Consejos en la utilización de aspectos psicológicos en el momento de una partida de ajedrez. Conceptos como el pensamiento, la atención y el manejo del tiempo son las técnicas que el autor comparte para un mejor desempeño en este juego de estrategia y habilidad mental.

Guardado en:
Detalles Bibliográficos
Autor principal: Krogius, N. V. (autor)
Formato: Libro
Idioma:Español
Publicado: Barcelona, España : Martínez Roca, 1971, c1971
Colección:(Escaques ; 35)
Temas:
Etiquetas: Agrega una etiqueta
Sin etiquetas, Sé el primero en etiquetar este registro!

MARC

LEADER 00000nam^a2200000^a^4500
001 000356211
005 20250521000000.0
009 20260310115224.852
025 |a Donación Juan Diego Castillo, 1 ejemplar 
037 |a Acervo ITESO - Biblioteca 
041 |a ESP 
082 |a 794. 12  |b KRO 
100 |a Krogius, N. V.  |e (autor) 
245 1 3 |a La psicología en ajedrez /  |c N.V. Krogius ; tr. de Agustín Puig. 
264 4 |a Barcelona, España :  |b Martínez Roca,  |c 1971, c1971 
300 |a 95 p. 
336 |a texto  |b txt  |2 rdacontenido 
337 |a sin mediación  |b n  |2 rdamedio 
338 |a volumen  |b nc  |2 rdasoporte 
440 1 |a (Escaques ;  |v 35) 
520 |a Consejos en la utilización de aspectos psicológicos en el momento de una partida de ajedrez. Conceptos como el pensamiento, la atención y el manejo del tiempo son las técnicas que el autor comparte para un mejor desempeño en este juego de estrategia y habilidad mental. 
649 |a XX 
650 |a Atención 
650 |a Intuición 
650 |a Ajedrez -  |x Táctica -  |x Tema Principal 
650 |a Ajedrez -  |x Problemas 
650 |a Ajedrez -  |x Ejercicios 
650 |a Ajedrez -  |x Tema Principal 
650 |a Psicología 
650 |a Juegos de Mesa 
910 |a Fondo Castillo-Martínez 
920 |a Impresos - Libros 
930 |a Fondos Especiales 
905 |a 127 
901 |a 0500249112  |b IT2  |c ESP  |i D  |u 20250521 
902 |a https://opac.biblio.iteso.mx/vufind/Record/000356211